| 000 | 00427nam a2200145Ia 4500 | ||
|---|---|---|---|
| 005 | 20240927083918.0 | ||
| 008 | 240331s9999 xx 000 0 und d | ||
| 082 |
_bMEN _a808 |
||
| 100 | _aMendis, R | ||
| 245 | 4 |
_aThe tragedy of a mystery : _ba Ceylon story |
|
| 260 |
_aLondon _bArthur H. Stock well, Ltd _c1928 |
||
| 300 | _a144 p ., | ||
| 500 | _a- my son Lia & other Stories - Nandhimitta ( A historical Novel) | ||
| 942 | _cL | ||
| 999 |
_c3119 _d3119 |
||